Statistics for Most Populated European Cities in 1000

Click here to take the quiz!

General Stats

  • This quiz has been taken 35 times
  • The average score is 7 of 10

Answer Stats

PopAnswer% Correct
35000Rome
94%
20000Paris
91%
15000London
89%
300000Constantinople
80%
30000Milan
69%
30000Naples
69%
45000Venice
63%
450000Cordoba
37%
75000Palermo
37%
90000Seville
34%

Score Distribution

Percentile by Number Answered

Percent of People with Each Score

Your Score History

You have not taken this quiz